Efeecf of organic pesticide on vegetable of sampling farmer in svay reang agricultural department, ប្រសិទ្ធភាពថ្នាំផ្សំពីរុក្ខជាតិលើដំណាំបន្លែនៃក្រុមគោលដៅរបស់មន្ទីកសិកម្ម ខេត្តស្វាយរៀង (Record no. 11027)

000 -LEADER
fixed length control field 00755nam a22001577a 4500
003 - CONTROL NUMBER IDENTIFIER
control field OSt
005 - DATE AND TIME OF LATEST TRANSACTION
control field 20161226091438.0
008 - FIXED-LENGTH DATA ELEMENTS--GENERAL INFORMATION
fixed length control field 161226b xxu||||| |||| 00| 0 eng d
040 ## - CATALOGING SOURCE
Transcribing agency RUA
082 ## - DEWEY DECIMAL CLASSIFICATION NUMBER
Classification number AGR CHE 2007 B032 Or.32
100 ## - MAIN ENTRY--PERSONAL NAME
9 (RLIN) 11473
Personal name CHEA SOPHAEK ,ជា សុភ័ក្រ្ត
245 ## - TITLE STATEMENT
Title Efeecf of organic pesticide on vegetable of sampling farmer in svay reang agricultural department, ប្រសិទ្ធភាពថ្នាំផ្សំពីរុក្ខជាតិលើដំណាំបន្លែនៃក្រុមគោលដៅរបស់មន្ទីកសិកម្ម ខេត្តស្វាយរៀង
260 ## - PUBLICATION, DISTRIBUTION, ETC. (IMPRINT)
Place of publication, distribution, etc. RUA
Name of publisher, distributor, etc. 2007
Date of publication, distribution, etc. Phnom Pehn
300 ## - PHYSICAL DESCRIPTION
Extent x ; 45p.
Other physical details ill.
Dimensions 29cm.
942 ## - ADDED ENTRY ELEMENTS (KOHA)
Source of classification or shelving scheme
Koha item type AGR
Holdings
Price effective from Date last seen Permanent Location Not for loan Date acquired Source of classification or shelving scheme Koha item type Lost status Withdrawn status Total Renewals Date last checked out Total Checkouts Shelving location Damaged status Barcode Current Location Full call number
2016-12-262019-11-27Library Block B 2016-12-26 AGR  22019-11-205B032 A05697Library Block BAGR CHE 2007 B032 Or.1
មជ្ឈមណ្ឌលឯការនៃសាកលវិទ្យាល័យភូមិន្ទកសិកម្មចំការដូង

Powered by Koha